000 00691cab a2200241 4500
001 ABS59569
008 090401t1998 xxu||||| |||| 00| 0 eng d
035 _a(Sirsi) u89296
041 _aeng
100 _aHutton, M.
245 4 _aThe heritage perspective - I
260 _c1998
350 _a0
490 _aTaxation
_v142(3678) 15 Ocober 1998, 54-56(3)
520 _aExamines current rules for inheritance tax on heritage property, following changes brought in by the Finance Act 1998.
650 _aFINANCE ACT 1998
650 _aHERITAGE PROPERTY
650 _aHISTORIC BUILDINGS
650 _aINHERITANCE TAX
690 _aTAXATION
942 _n0
948 _c27/10/1998
999 _c56476
_d56476